Compartimentalización del carbono en árboles (Nothofagus pumilio) de bosques naturales de segundo crecimiento, Tierra del Fuego /

Guardado en:
Autor Principal: Renzi, Juan Pablo.
Autor Corporativo: Universidad Nacional del Sur. Departamento de Agronomía.
Otros Autores: Lazzari, María Aurora, (tutor.)
Formato: Libro
Idioma:Spanish
Publicado: Bahía Blanca, 2004.
Etiquetas: Agregar Etiqueta
Sin Etiquetas, Sea el primero en etiquetar este registro!
LEADER 00766nam a22001695a 4500
001 EEA.libagro007231
005 20180605092501.0
008 130809s2004####ag#a##########000#0#spa#d
082 0 4 |a 634.9725 
100 1 |a Renzi, Juan Pablo. 
245 1 0 |a Compartimentalización del carbono en árboles (Nothofagus pumilio) de bosques naturales de segundo crecimiento, Tierra del Fuego /  |c Juan Pablo Renzi. 
260 |a Bahía Blanca,  |c 2004. 
300 |a 37 h. :  |b il. ;  |c 30 cm. 
500 |a Trabajo de intensificación (Ingeniero Agrónomo) -- Universidad Nacional del Sur. Departamento de Agronomía, 2004. 
700 1 |a Lazzari, María Aurora,  |e tutor. 
710 2 |a Universidad Nacional del Sur.  |b Departamento de Agronomía. 
859 |a AR-BbBCA  |b BIB. AGRONOMIA  |h 634.9725  |i R424  |p 2004/4602